| 000 | 00501nam a22001937a 4500 | ||
|---|---|---|---|
| 005 | 20191206140958.0 | ||
| 008 | 190805b xxu||||| |||| 00| 0 eng d | ||
| 020 |
_a8122500544 _cRs. 580.00 |
||
| 040 | _aLoreto College | ||
| 041 | _aHindi | ||
| 082 |
_a491.43 _bTIW |
||
| 100 | _aTiwari, Bholanath | ||
| 245 |
_aBhashavigyan _cBholanath Tiwari |
||
| 260 |
_aAllahabad _bKitab Mahal _c2013 |
||
| 300 |
_a421 p. _b24 cm. |
||
| 650 | _aHindi language | ||
| 850 |
_aLCLIB _bHinSemLib |
||
| 942 | _cBK | ||
| 999 |
_c42319 _d92798 |
||